<?xml version="1.0" encoding="UTF-8"?>
<record
    xmlns:xsi="http://www.w3.org/2001/XMLSchema-instance"
    xsi:schemaLocation="http://www.loc.gov/MARC21/slim http://www.loc.gov/standards/marcxml/schema/MARC21slim.xsd"
    xmlns="http://www.loc.gov/MARC21/slim">

  <leader>00800nam a2200193Ia 4500</leader>
  <datafield tag="952" ind1=" " ind2=" ">
    <subfield code="0">0</subfield>
    <subfield code="1">0</subfield>
    <subfield code="4">0</subfield>
    <subfield code="7">0</subfield>
    <subfield code="a">06</subfield>
    <subfield code="b">06</subfield>
    <subfield code="d">2010-12-07</subfield>
    <subfield code="l">22</subfield>
    <subfield code="o">L PQ7302 2010</subfield>
    <subfield code="p">06 001313</subfield>
    <subfield code="r">2020-03-18</subfield>
    <subfield code="s">2020-03-14</subfield>
    <subfield code="t">1</subfield>
    <subfield code="w">2012-06-26</subfield>
    <subfield code="y">LB</subfield>
  </datafield>
  <datafield tag="952" ind1=" " ind2=" ">
    <subfield code="0">0</subfield>
    <subfield code="1">0</subfield>
    <subfield code="4">0</subfield>
    <subfield code="7">0</subfield>
    <subfield code="a">22</subfield>
    <subfield code="b">22</subfield>
    <subfield code="d">2011-01-19</subfield>
    <subfield code="l">5</subfield>
    <subfield code="o">L PQ7302 2010</subfield>
    <subfield code="p">06 001332</subfield>
    <subfield code="r">2019-10-09</subfield>
    <subfield code="s">2019-10-09</subfield>
    <subfield code="t">2</subfield>
    <subfield code="w">2012-06-26</subfield>
    <subfield code="y">LB</subfield>
  </datafield>
  <datafield tag="952" ind1=" " ind2=" ">
    <subfield code="0">0</subfield>
    <subfield code="1">0</subfield>
    <subfield code="2">ddc</subfield>
    <subfield code="4">0</subfield>
    <subfield code="7">0</subfield>
    <subfield code="a">13</subfield>
    <subfield code="b">13</subfield>
    <subfield code="d">2010-12-07</subfield>
    <subfield code="l">0</subfield>
    <subfield code="o">L PQ7302 2010</subfield>
    <subfield code="p">13 005216</subfield>
    <subfield code="r">2025-04-25</subfield>
    <subfield code="t">1</subfield>
    <subfield code="w">2012-06-26</subfield>
    <subfield code="y">LB</subfield>
    <subfield code="f"></subfield>
  </datafield>
  <datafield tag="999" ind1=" " ind2=" ">
    <subfield code="c">65633</subfield>
    <subfield code="d">65633</subfield>
  </datafield>
  <controlfield tag="005">20231102150904.0</controlfield>
  <controlfield tag="008">120626s2010    mx            000 0 spa d</controlfield>
  <datafield tag="020" ind1=" " ind2=" ">
    <subfield code="a">9786071602336</subfield>
  </datafield>
  <datafield tag="050" ind1=" " ind2=" ">
    <subfield code="a">L PQ7302</subfield>
    <subfield code="b">2010</subfield>
  </datafield>
  <datafield tag="100" ind1=" " ind2=" ">
    <subfield code="a">Agust&#xED;n, Jos&#xE9;</subfield>
  </datafield>
  <datafield tag="245" ind1=" " ind2=" ">
    <subfield code="a">18 para los 18</subfield>
    <subfield code="b">La tumba / Jos&#xE9; Agust&#xED;n. La muerte de un instalador / &#xC1;lvaro Enrigue El apando / Jos&#xE9; Revueltas </subfield>
    <subfield code="c">/ Jos&#xE9; Agust&#xED;n; Alvaro Enrique; Jos&#xE9; Revueltas</subfield>
  </datafield>
  <datafield tag="260" ind1=" " ind2=" ">
    <subfield code="a">M&#xE9;xico</subfield>
    <subfield code="b"> : Fondo de cultura econ&#xF3;mica</subfield>
    <subfield code="b">: SEP</subfield>
    <subfield code="c">, 2010</subfield>
  </datafield>
  <datafield tag="300" ind1=" " ind2=" ">
    <subfield code="a">243 p&#xE1;ginas</subfield>
  </datafield>
  <datafield tag="500" ind1=" " ind2=" ">
    <subfield code="a">v. 6. La tumba / Jos&#xE9; Agust&#xED;n. La muerte de un instalador / &#xC1;lvaro Enrique El apando / Jos&#xE9; Revueltas</subfield>
  </datafield>
  <datafield tag="519" ind1=" " ind2=" ">
    <subfield code="a">Material Complementario /</subfield>
    <subfield code="b">Pedagog&#xED;a /</subfield>
    <subfield code="d">(06 001313, 06 001332)</subfield>
  </datafield>
  <datafield tag="650" ind1=" " ind2="0">
    <subfield code="a">NOVELA</subfield>
  </datafield>
  <datafield tag="650" ind1=" " ind2="0">
    <subfield code="a">LITERATURA</subfield>
    <subfield code="x">SIGLO XX</subfield>
  </datafield>
  <datafield tag="942" ind1=" " ind2=" ">
    <subfield code="2">lcc</subfield>
    <subfield code="c">LB</subfield>
  </datafield>
</record>
